Lando Norris - Statistiques

Statistiques générales
  • Ce quiz a été pris 237 fois
  • Le résultat moyen est 8 sur 11
Statistiques - réponses
Hint Réponse % Correct
Nombre de victoires 1
97%
Equipe en F1 McLaren
96%
Arrivée en F1 2019
93%
Année de la 1ère victoire 2024
93%
Lieu de la 1ère victoire Miami
86%
Année du 1er podium 2020
84%
Nationalité Britannique
67%
Date de naissance 13 novembre 1999
63%
Nombre de podiums 19
61%
Ville de naissance Bristol
56%
Lieu du 1er podium Spielberg
18%
Aucun quiz correspondant
Distribution des résultats
% des personnes avec chaque résultat
Percentile par nombre de réponses
Votre historique - résultats
Vous n’avez pas pris ce quiz